| 000 | 01248cam a2200349 a 4500 | ||
|---|---|---|---|
| 003 | CHAP | ||
| 005 | 20220817043716.0 | ||
| 008 | 000922d1999 th r 10100 eng d | ||
| 010 | _a82337 | ||
| 011 | _a83309 | ||
| 020 | _a9748577791 | ||
| 035 | _a93820 | ||
| 040 | _cCHAP | ||
| 082 | 0 | 4 |
_a631.7063 _bI5 1998 |
| 111 | 0 | 0 |
_aInternational Information Techniques for Irrigation Systems Network Meeting _n(5 : _d1998 : _cAurangabad, Maharashtra, India) _959726 |
| 245 | 1 | 0 |
_aModernization of irrigation system operations : _bproceedings _c/by International Water Management Institute |
| 260 |
_aBangkok, Thailand : _bFAO. Regional Office for Asia and the Pacific, _c1999. |
||
| 300 | _a262 p. | ||
| 490 | 0 |
_aITIS _v; 5 |
|
| 590 |
_aBATCH-UPD _b10 _c20130110 _lUCH01 _h0452 |
||
| 590 |
_aBATCH-UPD _b10 _c20130410 _lUCH01 _h0129 |
||
| 590 |
_aBATCH-UPD _b10 _c20130914 _lUCH01 _h1355 |
||
| 590 |
_aCONVERSION _b10 _c20130109 _lUCH01 _h1346 |
||
| 650 | 1 | 4 |
_aIrrigación _xCongresos. _960390 |
| 650 | 1 | 4 |
_aIrrigación _xInnovaciones tecnológicas. _960424 |
| 710 | 0 | _aFAO. | |
| 830 | 0 | 0 |
_aITIS _v; 5 _960687 |
| 901 | _aBK | ||
| 905 | _aLilia Sánchez G. | ||
| 942 | _cLIBRO | ||
| 949 |
_a631.7063 I5 1998 _bBC _cLIBRO _d33724000807111 _eLIBRO _h98827 _i93820 _si |
||
| 999 |
_c82337 _d82337 |
||